000 00362 a2200157 4500
001 151370
040 _cEscola São Tomás de Aquino
100 _aBRANDÃO, Toni
240 1 0 _aNanica, a irmã pequena
_lpor
245 1 0 _aNanica, a irmã pequena
300 _a55
362 0 _a1989
440 1 _aMelhoramentos
697 _a*LITERATURA INFANTO
942 _cBK
999 _c151370
_d151370